První pomoc : pracovní sešit pro studenty SZŠ a zdravotnických lyceí /
Saved in:
| Main Author: | |
|---|---|
| Format: | Book |
| Language: | Czech |
| Published: |
Praha :
Grada,
2008.
|
| Edition: | 1. vyd. |
| Series: | Sestra
|
| Subjects: | |
| ISBN: |
9788024721682 (brož.) |
| Physical Description: |
136 s. : il. ; 21 cm. |
| Tags: |
Add Tag
No Tags, Be the first to tag this record!
|
Titul je dostupný aj v ... 

MARC
| LEADER | 00000nam a2200000 a 4500 | ||
|---|---|---|---|
| 001 | 000340511 | ||
| 005 | 20081209140159.0 | ||
| 008 | 080808s2008 xr a d p 000 0 cze d | ||
| 020 | |a 9788024721682 (brož.) | ||
| 040 | |a SVKKK |b slo |c SVKKK |e AACR2 | ||
| 041 | 0 | |a cze | |
| 044 | |a xr |c CZ | ||
| 072 | 7 | |a 616 |x Patológia. Klinická medicína |2 konspekt | |
| 072 | 7 | |a 37.016 |x Učebné osnovy. Vyučovacie predmety. Učebnice |2 konspekt | |
| 080 | |a 616-083.98 |2 2001 | ||
| 080 | |a (075.3) |2 2001 | ||
| 080 | |a (076.1) |2 2001 | ||
| 100 | 1 | |a Kurucová, Andrea | |
| 245 | 1 | 0 | |a První pomoc : |b pracovní sešit pro studenty SZŠ a zdravotnických lyceí / |c Andrea Kurucová. |
| 250 | |a 1. vyd. | ||
| 260 | |a Praha : |b Grada, |c 2008. | ||
| 300 | |a 136 s. : |b il. ; |c 21 cm. | ||
| 490 | 1 | |a Sestra | |
| 504 | |a Bibliografia: s. 136 | ||
| 650 | 0 | 7 | |a prvá pomoc |2 SVKKKPH |
| 655 | 7 | |a učebnice stredných škôl |2 SVKKKPH | |
| 655 | 7 | |a pracovné zošity |2 SVKKKPH | |
| 830 | 0 | |a Sestra | |
| 910 | |a svkkk | ||
| 919 | |a 978-80-247-2168-2 | ||
| 998 | |a BK | ||
| 090 | |g SCKHL |k Sklad Hlavná 10 prízemie |a III.211277 |j 1002315 |i 2720115993 |s Absenčne | ||